<?xml version="1.0" encoding="UTF-8"?>
<record
    xmlns:xsi="http://www.w3.org/2001/XMLSchema-instance"
    xsi:schemaLocation="http://www.loc.gov/MARC21/slim http://www.loc.gov/standards/marcxml/schema/MARC21slim.xsd"
    xmlns="http://www.loc.gov/MARC21/slim">

  <leader>00395nam a22001217a 4500</leader>
  <datafield tag="999" ind1=" " ind2=" ">
    <subfield code="c">9948</subfield>
    <subfield code="d">9948</subfield>
  </datafield>
  <controlfield tag="003">OSt</controlfield>
  <controlfield tag="008">201217b           ||||| |||| 00| 0 eng d</controlfield>
  <datafield tag="245" ind1=" " ind2=" ">
    <subfield code="a">Drishtikon : A Management Journal</subfield>
  </datafield>
  <datafield tag="250" ind1=" " ind2=" ">
    <subfield code="a">2013-14(Sep-Mar Vol.5 No.1) 2014(Mar-Sep Vol.5 No.2) 2016-17(Sep-Mar Vol.8 No.1) 2017(Mar-Sep Vol.8 No.2)</subfield>
  </datafield>
  <datafield tag="260" ind1=" " ind2=" ">
    <subfield code="a">New Delhi</subfield>
    <subfield code="b">Publishing India Group</subfield>
  </datafield>
  <datafield tag="650" ind1=" " ind2=" ">
    <subfield code="a">Management</subfield>
  </datafield>
  <datafield tag="942" ind1=" " ind2=" ">
    <subfield code="2">ddc</subfield>
    <subfield code="c">BV</subfield>
  </datafield>
  <datafield tag="952" ind1=" " ind2=" ">
    <subfield code="0">0</subfield>
    <subfield code="1">0</subfield>
    <subfield code="2">ddc</subfield>
    <subfield code="3">Bound Volume</subfield>
    <subfield code="4">0</subfield>
    <subfield code="7">1</subfield>
    <subfield code="8">MBA</subfield>
    <subfield code="a">PIET</subfield>
    <subfield code="b">PIET</subfield>
    <subfield code="d">2020-12-17</subfield>
    <subfield code="e">Publishing India Group</subfield>
    <subfield code="h">2013-14(Sep-Mar Vol.5 No.1) 2014(Mar-Sep Vol.5 No.2) 2016-17(Sep-Mar Vol.8 No.1) 2017(Mar-Sep Vol.8 No.2)</subfield>
    <subfield code="l">0</subfield>
    <subfield code="p">BV686</subfield>
    <subfield code="r">2020-12-17 00:00:00</subfield>
    <subfield code="w">2013-01-09</subfield>
    <subfield code="y">BV</subfield>
  </datafield>
</record>
